F1 Season: 1953 Race Winners - Statistics

General Stats
  • This quiz has been taken 140 times
  • The average score is 8 of 9
Answer Stats
Grand Prix Winner % Correct
Argentine Alberto Ascari
100%
Dutch Alberto Ascari
100%
Belgian Alberto Ascari
100%
British Alberto Ascari
100%
Swiss Alberto Ascari
100%
Italian Juan Manuel Fangio
99%
German Giuseppe Farina
88%
French Mike Hawthorn
58%
Indianapolis 500 Bill Vukovich
56%
No matching quizzes found
Score Distribution
Percent of People with Each Score
Percentile by Number Answered
Your Score History
You have not taken this quiz